000 01164cam a22002891 4500
001 gs 53000334
003 DLC
005 20260227111401.0
008 780708s1953 dcuabd b f000 0 eng
010 _ags 53000334
035 _a(OCoLC)4032368
040 _aDLC
_cOClU
_dISS
_dOCoLC
_dDLC
043 _an-us-co
050 0 0 _aQE75
_b.P9 no. 235
051 _aQE92.M63
_bB4
082 _a557.88
086 0 _aI 19.16:235
100 1 _aBehre, Chas. H.
_q(Charles H.)
245 1 0 _aGeology and ore deposits of the west slope of the Mosquito Range.
_bIncludes the Leadville, Colorado, mining district.
_cPrepared in cooperation with the Colorado State Geological Survey Board and the Colorado Metal Mining Fund.
260 _aWashington,
_bU.S. Govt. Print. Off.,
_c1953.
300 _avii, 176 p.
_billus., maps (10 fold., 4 col.) diagrs., tables.
_c29 cm.
410 2 0 _aGeological Survey (U.S.).
_tProfessional paper,
_v235
500 _aPart of illustrative matter in pocket.
504 _a"Literature cited": p. 169-172.
650 0 _aGeology
_zColorado
_zMosquito Range Mining District.
650 0 _aOre deposits
_zColorado
_zMosquito Range Mining District.
999 _c28806
_d28806